Statistics for Flags of Capital Cities Quiz

Click here to take the quiz!

General Stats

  • This quiz has been taken 12 times
    (7 since last reset)
  • The average score is 30 of 190

Answer Stats

Answer% Correct
Berlin
100%
Washington, D.C.
86%
Amsterdam
71%
Copenhagen
71%
Islamabad
71%
San Marino
71%
Abuja
57%
Bandar Seri Begawan
57%
Bern
57%
Dublin
57%
Kyiv
57%
Moscow
57%
Tokyo
57%
Vatican City
57%
Andorra la Vella
43%
Bangkok
43%
Beijing
43%
Budapest
43%
Canberra
43%
Castries
43%
City of London
43%
Dili
43%
Harare
43%
Kuala Lumpur
43%
Manama
43%
New Delhi
43%
Oslo
43%
Singapore
43%
Stockholm
43%
Taipei
43%
Ulaanbaatar
43%
Vilnius
43%
Addis Ababa
29%
Ankara
29%
Athens
29%
Baghdad
29%
Belgrade
29%
Bishkek
29%
Cairo
29%
Chișinău
29%
Helsinki
29%
Jerusalem
29%
Libreville
29%
Lisbon
29%
Madrid
29%
Minsk
29%
Paris
29%
Reykjavik
29%
Sarajevo
29%
Seoul
29%
South Tarawa
29%
Tallinn
29%
Valletta
29%
Victoria
29%
Warsaw
29%
Antananarivo
14%
Ashgabat
14%
Astana
14%
Bissau
14%
Bogotá
14%
Brasília
14%
Bratislava
14%
Bucharest
14%
Buenos Aires
14%
Damascus
14%
Djibouti City
14%
Dushanbe
14%
Gaborone
14%
Hanoi
14%
Kabul
14%
Kathmandu
14%
Kigali
14%
Ljubljana
14%
Lusaka
14%
Luxembourg
14%
Managua
14%
Manila
14%
Maseru
14%
Mbabane
14%
Monaco
14%
Muscat
14%
Nairobi
14%
N'Djamena
14%
Nicosia
14%
Ottawa
14%
Phnom Penh
14%
Podgorica
14%
Prague
14%
Pristina
14%
Rome
14%
San José
14%
Skopje
14%
Sofia
14%
Thimphu
14%
Tirana
14%
Tunis
14%
Vaduz
14%
Yerevan
14%
Abu Dhabi
0%
Accra
0%
Algiers
0%
Amman
0%
Asmara
0%
Asunción
0%
Baku
0%
Bamako
0%
Bangui
0%
Banjul
0%
Beirut
0%
Belmopan
0%
Brazzaville
0%
Bridgetown
0%
Brussels
0%
Bujumbura
0%
Caracas
0%
Conakry
0%
Dakar
0%
Delap-Uliga-Djarrit
0%
Dhaka
0%
Dodoma
0%
Doha
0%
Freetown
0%
Funafuti
0%
Georgetown
0%
Guatemala City
0%
Hargeisa
0%
Havana
0%
Honiara
0%
Jakarta
0%
Juba
0%
Kampala
0%
Khartoum
0%
Kingston
0%
Kinshasa
0%
Kuwait City
0%
La Paz
0%
Lilongwe
0%
Lima
0%
Lomé
0%
Luanda
0%
Malabo
0%
Malé
0%
Maputo
0%
Mexico City
0%
Mogadishu
0%
Montevideo
0%
Moroni
0%
Nassau
0%
Naypyidaw
0%
Ngerulmud
0%
Niamey
0%
Nouakchott
0%
Ouagadougou
0%
Palikir
0%
Panama City
0%
Paramaribo
0%
Port-au-Prince
0%
Port Louis
0%
Port Moresby
0%
Port of Spain
0%
Porto-Novo
0%
Port Vila
0%
Praia
0%
Pretoria
0%
Pyongyang
0%
Quito
0%
Rabat
0%
Ramallah
0%
Riga
0%
Riyadh
0%
Roseau
0%
Sana'a
0%
San Salvador
0%
Santiago
0%
Santo Domingo
0%
São Tomé
0%
Sri Jayewardenepura Kotte
0%
Suva
0%
Tashkent
0%
Tbilisi
0%
Tegucigalpa
0%
Tehran
0%
Tripoli
0%
Vienna
0%
Vientiane
0%
Wellington
0%
Windhoek
0%
Yamoussoukro
0%
Yaoundé
0%
Zagreb
0%

Score Distribution

Percentile by Number Answered

Percent of People with Each Score

Your Score History

You have not taken this quiz since the last reset